<?xml version="1.0" encoding="UTF-8"?>
<record
    xmlns:xsi="http://www.w3.org/2001/XMLSchema-instance"
    xsi:schemaLocation="http://www.loc.gov/MARC21/slim http://www.loc.gov/standards/marcxml/schema/MARC21slim.xsd"
    xmlns="http://www.loc.gov/MARC21/slim">

  <leader>00419nam a22001697a 4500</leader>
  <controlfield tag="003">OSt</controlfield>
  <controlfield tag="005">20170105103443.0</controlfield>
  <controlfield tag="008">120507t        xxu||||| |||| 00| 0 eng d</controlfield>
  <datafield tag="020" ind1=" " ind2=" ">
    <subfield code="a"> 0412379708</subfield>
  </datafield>
  <datafield tag="040" ind1=" " ind2=" ">
    <subfield code="c">ASAB</subfield>
  </datafield>
  <datafield tag="100" ind1=" " ind2=" ">
    <subfield code="a">T A Brown</subfield>
    <subfield code="9">258</subfield>
  </datafield>
  <datafield tag="245" ind1=" " ind2=" ">
    <subfield code="a">GENETICS  A Molecular approach </subfield>
    <subfield code="c">T A Brown</subfield>
  </datafield>
  <datafield tag="260" ind1=" " ind2=" ">
    <subfield code="b"> London ; New York</subfield>
    <subfield code="a"> Chapman and Hall</subfield>
  </datafield>
  <datafield tag="300" ind1=" " ind2=" ">
    <subfield code="a">385 p.</subfield>
  </datafield>
  <datafield tag="650" ind1=" " ind2=" ">
    <subfield code="a">Genetics</subfield>
    <subfield code="9">259</subfield>
  </datafield>
  <datafield tag="942" ind1=" " ind2=" ">
    <subfield code="2">lcc</subfield>
    <subfield code="c">BK</subfield>
  </datafield>
  <datafield tag="999" ind1=" " ind2=" ">
    <subfield code="c">16532</subfield>
    <subfield code="d">16532</subfield>
  </datafield>
  <datafield tag="952" ind1=" " ind2=" ">
    <subfield code="0">0</subfield>
    <subfield code="1">0</subfield>
    <subfield code="2">ddc</subfield>
    <subfield code="4">0</subfield>
    <subfield code="7">0</subfield>
    <subfield code="8">NFIC</subfield>
    <subfield code="a">ASAB</subfield>
    <subfield code="b">ASAB</subfield>
    <subfield code="d">2014-03-21</subfield>
    <subfield code="l">1</subfield>
    <subfield code="o"> 575.1 BRO</subfield>
    <subfield code="p">ASAB1530</subfield>
    <subfield code="r">2023-06-02</subfield>
    <subfield code="s">2023-05-08</subfield>
    <subfield code="t">photocopy</subfield>
    <subfield code="w">2014-03-21</subfield>
    <subfield code="y">BK</subfield>
  </datafield>
  <datafield tag="952" ind1=" " ind2=" ">
    <subfield code="0">0</subfield>
    <subfield code="1">0</subfield>
    <subfield code="2">ddc</subfield>
    <subfield code="4">0</subfield>
    <subfield code="7">0</subfield>
    <subfield code="8">NFIC</subfield>
    <subfield code="a">ASAB</subfield>
    <subfield code="b">ASAB</subfield>
    <subfield code="d">2012-05-07</subfield>
    <subfield code="l">0</subfield>
    <subfield code="o">575.1,BRO</subfield>
    <subfield code="p">ASAB1529</subfield>
    <subfield code="r">2012-05-07</subfield>
    <subfield code="t">Photo Copy</subfield>
    <subfield code="w">2012-05-07</subfield>
    <subfield code="y">BK</subfield>
  </datafield>
  <datafield tag="952" ind1=" " ind2=" ">
    <subfield code="0">0</subfield>
    <subfield code="1">0</subfield>
    <subfield code="2">ddc</subfield>
    <subfield code="4">0</subfield>
    <subfield code="7">0</subfield>
    <subfield code="8">NFIC</subfield>
    <subfield code="a">ASAB</subfield>
    <subfield code="b">ASAB</subfield>
    <subfield code="d">2012-05-07</subfield>
    <subfield code="l">0</subfield>
    <subfield code="o">575.1,BRO</subfield>
    <subfield code="p">ASAB1523</subfield>
    <subfield code="r">2016-05-12</subfield>
    <subfield code="t">Photo Copy</subfield>
    <subfield code="w">2012-05-07</subfield>
    <subfield code="y">BK</subfield>
  </datafield>
  <datafield tag="952" ind1=" " ind2=" ">
    <subfield code="0">0</subfield>
    <subfield code="1">0</subfield>
    <subfield code="2">ddc</subfield>
    <subfield code="4">0</subfield>
    <subfield code="7">0</subfield>
    <subfield code="8">NFIC</subfield>
    <subfield code="a">ASAB</subfield>
    <subfield code="b">ASAB</subfield>
    <subfield code="d">2012-05-07</subfield>
    <subfield code="l">0</subfield>
    <subfield code="o">575.1,BRO</subfield>
    <subfield code="p">ASAB1528</subfield>
    <subfield code="r">2012-05-07</subfield>
    <subfield code="t">Photo Copy</subfield>
    <subfield code="w">2012-05-07</subfield>
    <subfield code="y">BK</subfield>
  </datafield>
  <datafield tag="952" ind1=" " ind2=" ">
    <subfield code="0">0</subfield>
    <subfield code="1">0</subfield>
    <subfield code="2">ddc</subfield>
    <subfield code="4">0</subfield>
    <subfield code="7">0</subfield>
    <subfield code="8">NFIC</subfield>
    <subfield code="a">ASAB</subfield>
    <subfield code="b">ASAB</subfield>
    <subfield code="d">2012-05-07</subfield>
    <subfield code="l">0</subfield>
    <subfield code="o">575.1,BRO</subfield>
    <subfield code="p">ASAB1526</subfield>
    <subfield code="r">2012-05-07</subfield>
    <subfield code="t">Photo Copy</subfield>
    <subfield code="w">2012-05-07</subfield>
    <subfield code="y">BK</subfield>
  </datafield>
  <datafield tag="952" ind1=" " ind2=" ">
    <subfield code="0">0</subfield>
    <subfield code="1">0</subfield>
    <subfield code="2">ddc</subfield>
    <subfield code="4">0</subfield>
    <subfield code="7">0</subfield>
    <subfield code="8">NFIC</subfield>
    <subfield code="a">ASAB</subfield>
    <subfield code="b">ASAB</subfield>
    <subfield code="d">2012-05-07</subfield>
    <subfield code="l">1</subfield>
    <subfield code="o">575.1,BRO</subfield>
    <subfield code="p">ASAB1527</subfield>
    <subfield code="r">2016-07-12</subfield>
    <subfield code="s">2016-06-02</subfield>
    <subfield code="t">Photo Copy</subfield>
    <subfield code="w">2012-05-07</subfield>
    <subfield code="y">BK</subfield>
  </datafield>
  <datafield tag="952" ind1=" " ind2=" ">
    <subfield code="0">0</subfield>
    <subfield code="1">0</subfield>
    <subfield code="2">ddc</subfield>
    <subfield code="4">0</subfield>
    <subfield code="7">0</subfield>
    <subfield code="8">NFIC</subfield>
    <subfield code="a">ASAB</subfield>
    <subfield code="b">ASAB</subfield>
    <subfield code="d">2012-05-07</subfield>
    <subfield code="l">0</subfield>
    <subfield code="o">575.1,BRO</subfield>
    <subfield code="p">ASAB1524</subfield>
    <subfield code="r">2012-05-07</subfield>
    <subfield code="t">Photo Copy</subfield>
    <subfield code="w">2012-05-07</subfield>
    <subfield code="y">BK</subfield>
  </datafield>
  <datafield tag="952" ind1=" " ind2=" ">
    <subfield code="0">0</subfield>
    <subfield code="1">0</subfield>
    <subfield code="2">ddc</subfield>
    <subfield code="4">0</subfield>
    <subfield code="7">0</subfield>
    <subfield code="8">NFIC</subfield>
    <subfield code="a">ASAB</subfield>
    <subfield code="b">ASAB</subfield>
    <subfield code="d">2012-05-07</subfield>
    <subfield code="l">1</subfield>
    <subfield code="o">575.1,BRO</subfield>
    <subfield code="p">ASAB1525</subfield>
    <subfield code="r">2025-12-03</subfield>
    <subfield code="s">2024-09-12</subfield>
    <subfield code="t">Photo Copy</subfield>
    <subfield code="w">0000-00-00</subfield>
    <subfield code="y">BK</subfield>
  </datafield>
</record>
